000 00581nam a22000977a 4500
008 160418b xxu||||| |||| 00| 0 eng d
100 _aAPR Publishers
245 _aStamp auction prices realized : a periodical listing of American stamp auction prices current. Volume II. Germany & Scandinavia
_bThe Green Book of Stamps
260 _aFresno, Calif.
_bAPR Publishers, Inc.
_c1976
650 _aUnited States -- Auctions -- Prices Realized | Auctions | Prices Realized | Prices and Values | Germany | Scandinavia | Danish West Indies | Denmark | Finland | Greenland | Iceland | Norway | Sweden
999 _c1924
_d1924